000 00652nam a2200193Ia 4500
003 IN-BaIIA
008 211028s9999 xx 000 0 eng d
040 _cIIA Library
080 _a52
_bRUS
100 _aRussell, Henry Norris
_91276
245 0 _aAstronomy
_ba revision of Young's manual of astronomy II, astrophysics and stellar astronomy
_cHenry Norris Russell, Raymond Smith Dugan and John Quincy Stewart
260 _aBoston
_bGinn Publishers
_c1927
300 _axii, 471-932p.
650 _aAstrophysics
_9794
650 _aStellar Astronomy
_91277
700 _aDugan, Raymond Smith
_91278
700 _aStewart, John Quincy
_91279
942 _cBK
999 _c570
_d570